[Event "MNT-chT 1st League"]
[Site "Podgorica"]
[Date "2021.05.22"]
[Round "4.2"]
[White "Djurovic, Peko"]
[Black "Kilibarda, Mitar"]
[Result "0-1"]
[WhiteElo "2136"]
[BlackElo "1750"]
[PlyCount "98"]
[EventDate "2021.05.20"]
[EventType "team-tourn"]
[EventRounds "7"]
[EventCountry "MNE"]
[SourceTitle "EXT 2022"]
[Source "ChessBase"]
[SourceDate "2021.10.06"]
[SourceVersion "1"]
[SourceVersionDate "2021.10.06"]
[SourceQuality "1"]

1. e4 Nc6 2. Nf3 e5 3. Bb5 d6 4. d4 Bg4 5. dxe5 dxe5 6. Qd5 Qxd5 7. exd5 Bxf3 8. gxf3 a6 9. dxc6 axb5 10. cxb7 Rb8 11. 0-0 Rxb7 12. Re1 f6 13. f4 Bd6 14. fxe5 fxe5 15. Bf4 Nf6 16. Bxe5 0-0 17. Bxd6 cxd6 18. Nc3 Ng4 19. Re2 Rbf7 20. Rf1 Rf5 21. h3 Ne5 22. f4 Ng6 23. Ref2 Nxf4 24. Kh2 g5 25. Ne4 h6 26. Nxd6 Re5 27. a3 Rd8 28. Nb7 Rd7 29. Na5 Re3 30. Rf3 Rd2+ 31. R1f2 Rxf3 32. Rxd2 Rxh3+ 33. Kg1 g4 34. Rf2 Nd5 35. Rf5 Ne3 36. Rxb5 Rf3 37. Rb3 g3 38. Rxe3 Rxe3 39. c4 Re2 40. b4 h5 41. Nc6 h4 42. Nd4 Re4 43. Nf5 Rf4 44. c5 Rxf5 45. c6 h3 46. c7 Rf8 47. b5 Re8 48. Kf1 g2+ 49. Kf2 Rf8+ 0-1

[Event "MNT-chT 1st League"]
[Site "Podgorica"]
[Date "2021.05.22"]
[Round "5.2"]
[White "Kilibarda, Mitar"]
[Black "Suljovic, Sulejman"]
[Result "0-1"]
[WhiteElo "1750"]
[BlackElo "2239"]
[PlyCount "70"]
[EventDate "2021.05.20"]
[EventType "team-tourn"]
[EventRounds "7"]
[EventCountry "MNE"]
[SourceTitle "EXT 2022"]
[Source "ChessBase"]
[SourceDate "2021.10.06"]
[SourceVersion "1"]
[SourceVersionDate "2021.10.06"]
[SourceQuality "1"]

1. d4 e6 2. c4 f5 3. Nc3 Nf6 4. Bg5 Bb4 5. Qb3 Qe7 6. Bxf6 Bxc3+ 7. Qxc3 Qxf6 8. e3 b6 9. Nf3 Bb7 10. Be2 0-0 11. Rc1 Nc6 12. 0-0 Rae8 13. b4 Ne7 14. Ne5 Rd8 15. Qa3 d6 16. Nf3 a5 17. c5 axb4 18. Qxb4 Nd5 19. Qb3 Kh8 20. c6 Bc8 21. Bc4 Ne7 22. Qa4 Ng6 23. Qa7 Qe7 24. Rb1 e5 25. d5 f4 26. Qa3 Bf5 27. Rb4 e4 28. Nd4 f3 29. g3 Bh3 30. Ra1 Qg5 31. Rb5 Ne5 32. Bf1 Bxf1 33. Kxf1 Qg4 34. Ke1 Qh3 35. Kd2 Nc4+ 0-1